Os 15 principais países com mortes por Covid19 - 5 de janeiro 2022 - Statistics

Estatísticas Gerais
  • Esse quiz foi jogado 11 vezes
  • A pontuação média é 13 de 27
Estatísticas das Respostas
país % Correto
Brasil
100%
Estados Unidos
100%
Índia
90%
Itália
90%
Argentina
80%
Rússia
80%
Alemanha
70%
Colômbia
70%
França
70%
México
70%
Peru
60%
Reino Unido
60%
Croácia
50%
Irão
50%
Polônia
50%
Eslovénia
30%
Indonésia
30%
Romênia
30%
Armênia
20%
Bósnia e Herzegovina
20%
Chéquia
20%
Eslováquia
20%
Geórgia
20%
Macedónia do Norte
20%
Bulgária
10%
Lituânia
10%
Hungria
0%
Nenhum quiz correspondente encontrado
Distribuição das Pontuações
Porcentagem de Pessoas com Cada Pontuação
Percentil de Números Respondidos
Sua Pontuação Histórica
Você não jogou esse quiz